[Event "24th Politiken Cup"]
[Site "Copenhagen DEN"]
[Date "2002.07.23"]
[Round "8"]
[White "Matamoros Franco,C"]
[Black "Naes,F"]
[Result "1-0"]
[WhiteElo "2473"]
[BlackElo "2232"]

1.c4 c6 2.e4 d5 3.exd5 cxd5 4.cxd5 Nf6 5.Nc3 Nxd5 6.Nf3 e6 7.Bc4 Be7 8.O-O O-O
9.d4 Nc6 10.Re1 Re8 11.a3 Nxc3 12.bxc3 Bf6 13.Bf4 b6 14.h4 Bb7 15.Ng5 Na5
16.Bd3 Bxg5 17.hxg5 f6 18.gxf6 gxf6 19.Qg4+ Kh8 20.Qh4 Qe7 21.Rxe6 Qg7 22.Rxe8+ Rxe8
23.Bg3 Nc6 24.Rd1 Nd8 25.c4 Nf7 26.Kh2 b5 27.cxb5 Ng5 28.Rc1 Re7 29.d5 Rd7
30.d6 Ne6 31.Be4 Bxe4 32.Rc8+ Rd8 33.Rxd8+ Nxd8 34.Qxe4 Qh6+ 35.Kg1 Qc1+
36.Kh2 Qh6+ 37.Qh4 Qxh4+ 38.Bxh4 Kg7 39.a4 Kf7 40.a5 Nb7 41.a6 Nd8 42.b6 Nc6
43.bxa7 Nxa7 44.d7 Ke7 45.Bxf6+ Kxd7 46.Bd4  1-0

[Event "Wismilak It"]
[Site "Surabaya IND"]
[Date "2002.07.23"]
[Round "2"]
[White "Paciencia,E"]
[Black "Nay Oo Kyaw Tun"]
[Result "1/2-1/2"]
[WhiteElo "2483"]
[BlackElo "2504"]

1.c4 c6 2.Nf3 d5 3.d4 Nf6 4.Nc3 dxc4 5.a4 Bf5 6.e3 e6 7.Bxc4 Bb4 8.O-O O-O
9.Qe2 Bg6 10.Ne5 Nbd7 11.Nxg6 hxg6 12.Rd1 Qa5 13.e4 e5 14.d5 Bxc3 15.dxc6 Bd4
16.cxd7 Qc7 17.Ra3 Rfd8 18.Rg3 Rxd7 19.b3 Rad8 20.Rdd3 Qc6 21.Rxg6 Qxe4 22.Rdg3 Qxe2
23.Rxg7+ Kh8 24.Bxe2 Ne4 25.R7g4 Nxg3 26.hxg3 Rg8 27.Rh4+ Kg7 28.Rg4+ Kh8
29.Rh4+ Kg7 30.Rg4+  1/2-1/2

[Event "XVIII Open"]
[Site "Ferrol ESP"]
[Date "2002.07.24"]
[Round "8"]
[White "Sande Edreira,J"]
[Black "Diaz Nunez,A"]
[Result "1-0"]
[WhiteElo "2216"]
[BlackElo "2146"]

1.c4 c6 2.g3 d5 3.Bg2 Nf6 4.Nf3 Bg4 5.Ne5 Bh5 6.cxd5 Nxd5 7.Nc3 Nd7 8.Nxd5 Nxe5
9.Nf4 Bg4 10.d4 Nc4 11.O-O g5 12.Nd3 Qxd4 13.Bxg5 f6 14.b3 Nb2 15.Nxb2 Qxd1
16.Raxd1 fxg5 17.Rd2 Rd8 18.Rfd1 Rxd2 19.Rxd2 Bg7 20.Na4 O-O 21.e3 Kf7 22.Nc5 Bc8
23.Bf1 e6 24.Nxb7 Bxb7 25.Rd7+ Kf6 26.Rxb7 Rf7 27.Rb8 Rf8 28.Rb4 Rf7 29.Rc4 Rc7
30.Bg2 c5 31.b4 Bf8 32.a4 Bd6 33.b5 Rc8 34.Kf1 Ke5 35.Ke2 Be7 36.Re4+ Kf5
37.Rxe6 Kxe6 38.Bh3+ Kd5 39.Bxc8 Kc4 40.Be6+ Kb4 41.Kd3 Kxa4 42.Kc4 Ka5 43.f4 gxf4
44.gxf4 a6 45.bxa6 Kxa6 46.e4 Kb6 47.e5 Kc6 48.Bg8 h6 49.Kd3 Bh4 50.Ke4 Bf2
51.f5 Kd7 52.Bc4 Bg1 53.f6 Bxh2 54.e6+ Kd6 55.e7  1-0

[Event "Macedonian Open"]
[Site "Struga MKD"]
[Date "2002.07.24"]
[Round "5"]
[White "Peckov,K"]
[Black "Stojanovski,K"]
[Result "1-0"]
[WhiteElo "2242"]
[BlackElo "2148"]

1.c4 c6 2.e4 e5 3.Nf3 d6 4.d4 Nd7 5.Nc3 Ngf6 6.Be2 Be7 7.O-O O-O 8.Qc2 Qc7
9.Rb1 b6 10.b4 Bb7 11.Rd1 a6 12.a3 Rfc8 13.h3 h6 14.Be3 Bf8 15.dxe5 dxe5
16.Rdc1 a5 17.Nd2 axb4 18.axb4 Re8 19.Qb3 Rec8 20.Bg4 Rd8 21.Rc2 Re8 22.Bxd7 Nxd7
23.Na4 Be7 24.c5 bxc5 25.bxc5 Ba6 26.Nb6 Nxb6 27.cxb6 Qb7 28.Qc3 Rec8 29.Nb3 Bb5
30.Rcc1 f6 31.Na5  1-0

[Event "Capital of Siberia Open"]
[Site "Novosibirsk RUS"]
[Date "2002.07.25"]
[Round "7"]
[White "Dudko,A"]
[Black "Artamonov,P"]
[Result "1-0"]
[WhiteElo "2209"]
[BlackElo "2151"]

1.c4 c6 2.e4 d5 3.exd5 cxd5 4.cxd5 Nf6 5.Bb5+ Nbd7 6.Nc3 a6 7.Be2 Nb6 8.Bf3 Nbxd5
9.Nge2 e6 10.O-O Be7 11.b3 O-O 12.Bb2 Bd7 13.Rc1 Rc8 14.Re1 Nb4 15.d4 Bc6
16.Bxc6 Rxc6 17.a3 Nbd5 18.b4 Nxc3 19.Nxc3 b5 20.Qb3 Rc4 21.Rcd1 Qd7 22.Na4 Qc6
23.Nc5 Rd8 24.Rc1 Rxc1 25.Rxc1 Qb6 26.Re1 Nd5 27.Bc1 a5 28.Bd2 axb4 29.Bxb4 Bf6
30.Rd1 Nf4 31.Qf3 Bxd4 32.Rd2 Ng6 33.Nb3 Bf6 34.Ba5 Qb8 35.Bxd8 Bxd8 36.Qc6 Be7
37.Nc5 Qe5 38.Qc8+ Bf8 39.Nd3 Qa1+ 40.Qc1 Qxa3 41.Qxa3 Bxa3 42.Rd1 h6 43.Rb1 Bd6
44.Rxb5 Ne7 45.Rb6 Bc7 46.Rb7 Nd5 47.g3 Bd6 48.Rd7 Bf8 49.f4 g6 50.Ne5 Be7
51.Kf2 h5 52.Rb7 Kg7 53.Kf3 Kf8 54.Ke4 Kg7 55.Nd7 Nc3+ 56.Kd3 Nd5 57.Kd4 Bd6
58.Nb6 Nf6 59.Nc4 Ne8 60.Rd7 Bc7 61.Kc5 g5 62.fxg5 h4 63.gxh4 Bxh2 64.h5 Kf8
65.h6 Bg1+ 66.Kc6 Bh2 67.g6  1-0

[Event "KB Czech Open"]
[Site "Pardubice CZE"]
[Date "2002.07.25"]
[Round "7"]
[White "Neverov,V"]
[Black "Haba,P"]
[Result "1/2-1/2"]
[WhiteElo "2587"]
[BlackElo "2531"]

1.c4 c6 2.e4 d5 3.exd5 cxd5 4.cxd5 Nf6 5.Nc3 Nxd5 6.Nf3 e6 7.d4 Bb4 8.Bd2 Nc6
9.Bd3 O-O 10.O-O Be7 11.a3 Bf6 12.Be3 Nxe3 13.fxe3 b6 14.Qc2 g6 15.Rfd1  1/2-1/2

[Event "Lost Boys Open"]
[Site "Amsterdam NED"]
[Date "2002.07.27"]
[Round "2"]
[White "Odendahl,R"]
[Black "Van der Wiel,J"]
[Result "1/2-1/2"]
[WhiteElo "2379"]
[BlackElo "2506"]

1.c4 c6 2.Nf3 d5 3.e3 Nf6 4.Nc3 a6 5.d4 b5 6.b3 Bg4 7.h3 Bxf3 8.Qxf3 e6 9.Bd3 Bb4
10.Bd2 O-O 11.O-O Nbd7 12.a3 Be7 13.Rfd1 Nb6 14.Qe2 Qc7 15.Rdc1 Qb7 16.a4 bxc4
17.bxc4 Nxc4 18.Rab1 Qd7 19.Bxc4 dxc4 20.Qxc4 c5 21.Ne2 Rfc8 22.Be1 h6 23.Ra1  1/2-1/2

[Event "Lost Boys Open"]
[Site "Amsterdam NED"]
[Date "2002.07.27"]
[Round "2"]
[White "O'Cinneide,M"]
[Black "Strating,S"]
[Result "1/2-1/2"]
[WhiteElo "2251"]
[BlackElo "2341"]

1.c4 c6 2.e4 d5 3.exd5 cxd5 4.cxd5 Nf6 5.Nc3 Nxd5 6.Nf3 Nc6 7.d4 e6 8.Bc4 Be7
9.O-O O-O 10.Re1 a6 11.Qe2 b5 12.Bd3 Nf6 13.Bg5 Bb7 14.Rad1 Nb4 15.Bb1 Rc8
16.Ne5 Rc7 17.Qe3 Nfd5 18.Qh3 f5 19.Bxe7 Qxe7 20.Nxd5 Bxd5 21.a3 Nc2 22.Bxc2 Rxc2
23.Nd3 Qd6 24.Rc1 Rfc8 25.Qe3 Rxc1 26.Rxc1 Rxc1+ 27.Qxc1 Bc4 28.Qf4 Qxf4
29.Nxf4 Kf7 30.f3 g5 31.Nh3 Kf6 32.Kf2 f4 33.g3 Kf5 34.gxf4 gxf4 35.Ke1 h6
36.Kd2 a5 37.Nf2 e5 38.dxe5 Kxe5 39.Ng4+ Kd4 40.Nxh6 Bd5 41.Nf5+ Kc4 42.Nh4 Kb3
43.Kc1 b4 44.axb4 Kxb4 45.Ng6 Bxf3 46.Nxf4 a4 47.h4 a3 48.bxa3+ Kxa3 49.Kd2 Kb4
50.Ke3 Bd1 51.Nd3+ Kc3 52.Nf2 Bh5 53.Ne4+ Kc4 54.Kf4 Kd4 55.Nf6 Be2 56.Ng4 Kd5
57.h5  1/2-1/2

[Event "1st Open"]
[Site "Bergamo ITA"]
[Date "2002.07.27"]
[Round "4"]
[White "Ferretti,F"]
[Black "Laketic,G"]
[Result "1-0"]
[WhiteElo "2279"]
[BlackElo "2448"]

1.c4 c6 2.Nf3 d5 3.cxd5 cxd5 4.d4 Nc6 5.Nc3 Nf6 6.Bf4 e6 7.e3 Nh5 8.Bg3 Nxg3
9.hxg3 g6 10.Rc1 Bg7 11.Bd3 O-O 12.O-O Bd7 13.Na4 b6 14.a3 Na5 15.Nc3 Nc4
16.Qe2 Rc8 17.g4 b5 18.g3 a6 19.Kg2 Bc6 20.Bb1 Ba8 21.a4 b4 22.Na2 a5 23.b3 e5
24.bxc4 dxc4 25.dxe5 c3 26.Rfd1 Qe8 27.Bc2 Qe6 28.Bd3 c2 29.Rxc2 Rxc2 30.Bxc2 Qxa2
31.Qd3 Bxe5 32.e4 Bg7 33.Bb3 Qb2 34.Ng5 Bf6 35.Nxf7 Bxe4+ 36.Qxe4 Qxb3 37.Nh6+ Kg7
38.Qb7+ Kh8 39.Rd7 Bg7 40.Rxg7 Rxf2+ 41.Kh3 Rh2+ 42.Kxh2 Qb2+ 43.Kh3 Qxg7
44.Qb8+  1-0

[Event "Somes Open"]
[Site "Satu-Mare ROM"]
[Date "2002.07.27"]
[Round "2"]
[White "Stircz,Z"]
[Black "Ionescu,M"]
[Result "0-1"]
[WhiteElo "2125"]
[BlackElo "2405"]

1.c4 c6 2.Nf3 Nf6 3.g3 d5 4.cxd5 cxd5 5.Bg2 Nc6 6.d4 Bf5 7.O-O e6 8.Nh4 Bg4
9.Be3 Qb6 10.b3 Be7 11.h3 Bh5 12.Nf3 Rc8 13.Nc3 Na5 14.Bd2 Rc6  0-1

[Event "Lost Boys Open"]
[Site "Amsterdam NED"]
[Date "2002.07.28"]
[Round "3"]
[White "Van der Elburg,F"]
[Black "Van der Werf,M"]
[Result "1/2-1/2"]
[WhiteElo "2275"]
[BlackElo "2422"]

1.c4 c6 2.Nf3 d5 3.b3 Bg4 4.d4 e6 5.Nbd2 Nf6 6.e3 Nbd7 7.Be2 Bd6 8.Bb2 Qb8
9.h3 Bh5 10.O-O O-O 11.Qc2 b5 12.a4 bxc4 13.bxc4 Bg6 14.Bd3 Bxd3 15.Qxd3 a5
16.Rfb1 Qc7 17.Ba3 Bxa3 18.Qxa3 Rab8 19.Qc3 c5 20.Rb5 cxd4 21.Nxd4 Rfc8 22.Rc1 Qd8
23.Rxb8 Nxb8 24.N4b3 Nc6 25.cxd5 Nxd5 26.Qd3  1/2-1/2

[Event "ch-IRI"]
[Site "Tehran IRI"]
[Date "2002.07.29"]
[Round "2"]
[White "Daneshpour,SH"]
[Black "Doostkam,P"]
[Result "0-1"]
[WhiteElo "2301"]
[BlackElo "2256"]

1.c4 c6 2.Nf3 d5 3.b3 Bf5 4.Ba3 Nd7 5.g3 Qa5 6.Qc1 dxc4 7.bxc4 Nb6 8.Bg2 Be6
9.c5 Nc4 10.O-O g6 11.Bb2 Nf6 12.Bd4 Qd8 13.d3 Na5 14.Nbd2 Bh6 15.Qb2 O-O
16.Rfd1 Nd7 17.Ne4 f6 18.h3 b5 19.e3 Bd5 20.Rac1 Qc7 21.Bc3 Nb7 22.Nfd2 f5
23.Ng5 Bxg5 24.Bxd5+ cxd5 25.c6 Nbc5 26.cxd7 Nxd3 27.Qxb5 Nxc1 28.Qxd5+ e6
29.Qxe6+ Rf7 30.Rxc1 Qxd7 31.Qb3 Kf8 32.Nf3 Bf6 33.Ne5 Bxe5 34.Bxe5 Qb7 35.Qe6 Qd7
36.Qb3 Qb7 37.Qc4 h6 38.Bd4 Re8 39.Bc5+ Kg8 40.Bd4 Kh7 41.a4 Ree7 42.Qd3 Rc7
43.Rb1 Qc8 44.Qb3 Rb7 45.Qa2 Rxb1+ 46.Qxb1 Rc7 47.Qb4 Qb7 48.Qd2 Qe4 49.Kh2 Rc2
50.Qe1 Qf3 51.e4 Qxe4 52.Qb4 Rxf2+ 53.Bxf2 Qxb4  0-1

[Event "ch-GBR"]
[Site "Torquay ENG"]
[Date "2002.07.29"]
[Round "1"]
[White "Williams,Si"]
[Black "Meenakshi,S"]
[Result "1/2-1/2"]
[WhiteElo "2421"]
[BlackElo "2266"]

1.c4 c6 2.Nc3 d5 3.d4 Nf6 4.Nf3 g6 5.cxd5 cxd5 6.e3 Bg7 7.Ne5 O-O 8.Bd3 Nc6
9.Nxc6 bxc6 10.Na4 Nd7 11.Qc2 e5 12.Qxc6 Rb8 13.O-O Bb7 14.Qd6 exd4 15.exd4 Bxd4
16.Bf4 Re8 17.Bb5 Bc8 18.Qxd5 Ne5 19.Qxd8 Rxd8 20.Be2 Rb4 21.Rad1 Rxa4 22.Bxe5 Be6
23.Bxd4 Raxd4 24.b3 Rd2 25.f4 R8d7 26.Bf3  1/2-1/2

[Event "ch-IRI"]
[Site "Tehran IRI"]
[Date "2002.07.30"]
[Round "5"]
[White "Ghorbani,M"]
[Black "Doostkam,P"]
[Result "0-1"]
[WhiteElo "2328"]
[BlackElo "2256"]

1.c4 c6 2.d4 Nf6 3.Nc3 d5 4.e3 a6 5.Qc2 Bg4 6.Bd2 e6 7.c5 Nbd7 8.f4 Bf5 9.Bd3 Bxd3
10.Qxd3 Be7 11.Nf3 O-O 12.O-O b5 13.Ne5 Qc7 14.Rf3 Ne8 15.g4 Nxe5 16.fxe5 f6
17.exf6 Nxf6 18.Qe2 b4 19.Na4 Ne4 20.Raf1 a5 21.Be1 e5 22.Nb6 Rxf3 23.Rxf3 Re8
24.Kg2 Bf6 25.Bf2 exd4 26.exd4 Qf7 27.Be3 Qe6 28.Qf1 Qxg4+ 29.Kh1 Ng5 30.Rf4 Qe6
31.Bd2 Ne4 32.Be1 Bxd4 33.a3 Bxc5 34.Na4 Bd6 35.Rh4 Nc5 36.Bd2 Nxa4 37.Qd3 Qg6
38.Qf1 Re4 39.Rh3 Rg4 40.Re3 Bc5  0-1

[Event "Proclient Cup"]
[Site "Olomouc CZE"]
[Date "2002.08.01"]
[Round "2"]
[White "Ptacnikova,L"]
[Black "Skytte,R"]
[Result "1/2-1/2"]
[WhiteElo "2203"]
[BlackElo "2366"]

1.c4 c6 2.g3 d5 3.Bg2 Nf6 4.Nf3 dxc4 5.Qc2 Qd5 6.Nc3 Qh5 7.Nd1 e5 8.Qxc4 Be6
9.Qc2 Nbd7 10.d4 Bd5 11.O-O exd4 12.Nxd4 Bxg2 13.Kxg2 g6 14.Nc3 Bg7 15.h3 O-O
16.Rd1 Nb6 17.e4 Rad8 18.Bf4 Rfe8 19.Nb3 g5 20.Rxd8 Rxd8 21.Bc7 Re8 22.Bxb6 axb6
23.f3 Nd7 24.Rd1 Ne5 25.Qf2 Qg6  1/2-1/2

[Event "ch-GBR"]
[Site "Torquay ENG"]
[Date "2002.08.01"]
[Round "4"]
[White "Sandipan,C"]
[Black "Meenakshi,S"]
[Result "1-0"]
[WhiteElo "2507"]
[BlackElo "2266"]

1.c4 c6 2.e4 d5 3.exd5 cxd5 4.cxd5 Nf6 5.Nc3 Nxd5 6.Nf3 Nc6 7.Bb5 e6 8.O-O a6
9.Bxc6+ bxc6 10.d4 Be7 11.Ne5 Bd7 12.Qg4 Nxc3 13.bxc3 O-O 14.Bh6 Bf6 15.h4 Qe7
16.Rad1 Rfd8 17.Rd3 Be8 18.Rg3 g6 19.Bg5 c5 20.Qf4 Bxg5 21.hxg5 cxd4 22.cxd4 Qd6
23.Rd1 Ra7 24.Rh3 Qe7 25.Ng4 h5 26.gxh6 f5 27.Qe5 Qd6 28.h7+  1-0

[Event "ch-GBR"]
[Site "Torquay ENG"]
[Date "2002.08.03"]
[Round "6"]
[White "Harikrishna,P"]
[Black "Ramesh,R"]
[Result "1-0"]
[WhiteElo "2568"]
[BlackElo "2456"]

1.c4 c6 2.e4 d5 3.exd5 cxd5 4.d4 Nf6 5.Nc3 e6 6.Nf3 Bb4 7.Bd3 dxc4 8.Bxc4 O-O
9.O-O b6 10.Bg5 Bb7 11.Rc1 Nc6 12.Bd3 Ne7 13.Bxf6 gxf6 14.Be4 Bxe4 15.Nxe4 Nd5
16.Qb3 Be7 17.Nc3 Rc8 18.Nxd5 Qxd5 19.Qxd5 exd5 20.Rfd1 Rc4 21.Nh4 Rfc8 22.Rb1 b5
23.Nf5 Bf8 24.Ne3 R4c6 25.Nxd5 Rd8 26.Ne3 h5 27.h3 Kh7 28.Kf1 Kg6 29.g4 hxg4
30.hxg4 Bh6 31.Ke2 b4 32.Kd3 Rdc8 33.Nf5 Bf8 34.Rh1 Kg5 35.Ne3 Kg6 36.Rh5 Ra6
37.f4 f5 38.gxf5+ Kf6 39.Nd5+  1-0

[Event "FSFM August"]
[Site "Budapest HUN"]
[Date "2002.08.07"]
[Round "5"]
[White "Fischer,Daniel2"]
[Black "Hoang,T"]
[Result "0-1"]
[WhiteElo "2141"]
[BlackElo "2099"]

1.c4 c6 2.g3 d5 3.Bg2 Nf6 4.b3 g6 5.Nf3 Bg7 6.Bb2 O-O 7.O-O Bf5 8.d4 Nbd7
9.Nbd2 Re8 10.Nh4 Be6 11.e4 dxe4 12.Nxe4 Nxe4 13.Bxe4 Bh3 14.Re1 Nf6 15.Bh1 Qc7
16.Nf3 Rad8 17.Qe2 h6 18.Ne5 Nd7 19.f4 Nxe5 20.fxe5 Rf8 21.d5 cxd5 22.cxd5 f5
23.Qc4 Qd7 24.Rac1 f4 25.e6 Qd6 26.Bxg7 Kxg7 27.Qc3+ Kh7 28.gxf4 Qxf4 29.Qg3 Qd4+
30.Re3 Bf5 31.Rc7 Qd1+ 32.Re1 Qd4+ 33.Qe3 Qh4 34.Rxb7 Bh3 35.Bg2 Bxg2 36.Kxg2 Rxd5
37.Rd7 Rh5 38.h3 Rg5+ 39.Kh2 Rg3 40.Rxe7+ Kg8  0-1

[Event "6th HZ Open"]
[Site "Vlissingen NED"]
[Date "2002.08.09"]
[Round "7"]
[White "Volke,K"]
[Black "Stefanova,A"]
[Result "1/2-1/2"]
[WhiteElo "2450"]
[BlackElo "2497"]

1.c4 c6 2.g3 d5 3.Bg2 Nf6 4.Nf3 g6 5.b3 Bg7 6.Bb2 O-O 7.O-O a5 8.d3 b5 9.Nbd2 Nbd7
10.Qc2 Qb6 11.Rac1 a4 12.cxb5 axb3 13.Qxc6 Rxa2 14.Rb1 Bb7 15.Qxb6 Nxb6 16.Nxb3 Na4
17.Bd4 Ra8 18.e3 Ne8 19.Bxg7 Kxg7 20.Rfc1 Nd6 21.Rc7 Rc8 22.Rxc8 Bxc8 23.Nbd4 Nc3
24.Rc1 Ndxb5 25.Bf1 Bg4 26.Nxb5 Nxb5 27.Ne5 Be6  1/2-1/2

[Event "ch-AUT"]
[Site "Oberpullendorf AUT"]
[Date "2002.08.10"]
[Round "1"]
[White "Hoelzl,F"]
[Black "Schwab,R"]
[Result "1-0"]
[WhiteElo "2393"]
[BlackElo "2246"]

1.c4 c6 2.Nf3 b5 3.cxb5 cxb5 4.Qb3 Qb6 5.Nc3 a6 6.g3 e6 7.Bg2 Bb7 8.O-O Nc6
9.d3 Na5 10.Qc2 Rc8 11.a3 d5 12.Be3 Bc5 13.Bxc5 Qxc5 14.d4 Qc4 15.e3 Qb3
16.Qe2 Nc4 17.Rfb1 Nf6 18.Na2 Nd6 19.Nb4 Nfe4 20.Ne1 O-O 21.Nbd3 a5 22.Bf1 b4
23.axb4 axb4 24.f3 Nf6 25.Qd2 Nc4 26.Qf2 Nd7 27.Ng2 Ra8 28.Rxa8 Rxa8 29.Qe1 Ndb6
30.Nc5 Qa2 31.Nxb7 Nd2 32.Qxd2 Qxb1 33.Ne1 Ra1 34.Kf2 Ra2 35.Nd3 Nc4 36.Qe1 Qxe1+
37.Kxe1 Nxe3 38.Be2 Nc2+ 39.Kd2 Nxd4 40.Bd1 e5 41.Nbc5 f6 42.Na4 e4 43.fxe4 dxe4
44.Ndc5 f5 45.Ke3 Ra1 46.Kxd4 Rxd1+ 47.Ke3 Rh1 48.Na6 Rxh2 49.Nxb4 Rg2 50.Nd5 Rxg3+
51.Ke2 g6 52.b4 Rb3 53.Nc5 Rb1 54.Kd2 h5 55.Kc2 Ra1 56.b5 h4 57.b6 Ra8 58.Na6 Rc8+
59.Kb2 h3 60.Ne7+ Kg7 61.Nxc8 h2 62.b7 h1=Q 63.b8=Q Qg2+ 64.Ka3 Qf3+ 65.Kb4 e3
66.Qe5+ Kh6 67.Nd6 e2 68.Nf7+ Kh5 69.Qh8+ Kg4 70.Ne5+  1-0

[Event "FSFM August"]
[Site "Budapest HUN"]
[Date "2002.08.11"]
[Round "9"]
[White "Fischer,Daniel2"]
[Black "Pali,G"]
[Result "1/2-1/2"]
[WhiteElo "2141"]
[BlackElo "2033"]

1.c4 c6 2.g3 d5 3.Bg2 Nf6 4.Nf3 g6 5.b3 Bg7 6.Bb2 O-O 7.O-O Qb6 8.Qc2 Na6
9.a3 dxc4 10.bxc4 Nc5 11.Nc3 Rd8 12.d3 Qb3 13.Qxb3 Nxb3 14.Rab1 Nc5 15.Ba1 Ng4
16.Rfd1 e5 17.h3 Nh6 18.Nd2 Nf5 19.Nde4 Nxe4 20.Nxe4 Ne7 21.a4 Rb8 22.Bb2 f5
23.Ng5 c5 24.Ba3 Bf6 25.h4 b6 26.Bxc5 Bd7 27.Bxe7 Bxe7 28.Bd5+ Kg7 29.Ne6+ Bxe6
30.Bxe6 Kf6 31.Bd5 a5 32.Kg2 Bc5 33.e3 Be7 34.Rh1 Bd6 35.f4 exf4 36.gxf4 Re8
37.Kf3 Bc5 38.e4 Bd4 39.e5+ Kg7 40.Rb5 Rec8 41.Rhb1 Bc5 42.R5b3 Bd4 43.Be6 Rd8
44.Bd5 Rdc8 45.Rh1 Kf8 46.h5 Kg7 47.Rbb1 Rh8 48.e6 Kf6 49.Rh3 Ke7 50.Rbh1 Rbd8
51.hxg6 hxg6 52.Rh7+ Rxh7 53.Rxh7+ Kd6 54.Rh6 Rh8 55.Rxg6 Rh3+ 56.Kg2 Rxd3
57.Rg8 Rd2+ 58.Kf3 Rf2+ 59.Kg3 Ke7 60.Rb8 Re2 61.Rb7+ Kf6 62.Rf7+ Kg6 63.Rd7 Bc5
64.Rf7 Re3+ 65.Kg2 Re2+  1/2-1/2

[Event "11th Open"]
[Site "Kavala GRE"]
[Date "2002.08.13"]
[Round "5"]
[White "Mastrovasilis,A"]
[Black "Svetushkin,D"]
[Result "1/2-1/2"]
[WhiteElo "2461"]
[BlackElo "2491"]

1.c4 c6 2.e4 d5 3.exd5 cxd5 4.d4 Nf6 5.Nc3 e6 6.Nf3 Bb4 7.cxd5 Nxd5 8.Qc2 Nc6
9.a3 Ba5 10.Bb5 Qb6 11.Ba4 O-O 12.Be3 e5 13.O-O Nxe3 14.fxe3 exd4 15.Ng5 f5
16.Bb3+ Kh8 17.Qd1 g6 18.Nd5 Qd8 19.Rc1 Bc3 20.Rxc3 dxc3 21.Qe1 Qd6 22.Qh4 Qd7
23.bxc3 Qg7 24.Rf3 f4 25.Nxf4 Ne5 26.Nxg6+ Nxg6 27.Rxf8+ Nxf8 28.Nf7+ Kg8
29.Nh6+ Kh8 30.Nf7+ Kg8  1/2-1/2

[Event "Open"]
[Site "Birstonas LIT"]
[Date "2002.08.17"]
[Round "1"]
[White "Bashkite,V"]
[Black "Novitzkij,D"]
[Result "0-1"]
[WhiteElo "2138"]
[BlackElo "2413"]

1.c4 c6 2.e4 d5 3.exd5 cxd5 4.cxd5 Nf6 5.Nc3 g6 6.g3 Bg7 7.Bg2 O-O 8.Nge2 Nbd7
9.O-O Nb6 10.Nf4 Bg4 11.Qb3 g5 12.Nd3 Nfd7 13.Ne4 e6 14.Nec5 exd5 15.Nxd7 Qxd7
16.Nc5 Qc6 17.d4 Bxd4 18.Nd3 Qf6 19.Be3 Rad8 20.h3 Bf5 21.Bxd4 Qxd4 22.Rad1 Qf6
23.g4 Be4 24.f4 Bxg2 25.Kxg2 Nc4 26.Rf3 Rfe8 27.Kg3 Re2 28.Qb4 a5 29.Qxb7 Nd6  0-1

[Event "ch-AUT"]
[Site "Oberpullendorf AUT"]
[Date "2002.08.18"]
[Round "9"]
[White "Eibersberger,M"]
[Black "Sprenger,W"]
[Result "1-0"]
[WhiteElo "2135"]
[BlackElo "2199"]

1.c4 c6 2.e4 d5 3.exd5 cxd5 4.cxd5 Nf6 5.Nc3 Nxd5 6.Nf3 Nc6 7.Bb5 e6 8.O-O Be7
9.d4 O-O 10.Re1 a6 11.Bd3 Ra7 12.a3 b5 13.Nxd5 Qxd5 14.Be4 Qd6 15.Be3 Rc7
16.Qd2 Qd8 17.Rac1 Bb7 18.d5 exd5 19.Qxd5 Qxd5 20.Bxd5 Bf6 21.Rc2 Rcc8 22.Bg5 Bxg5
23.Nxg5 h6 24.Nxf7 Rxf7 25.Rec1 Kf8 26.Bxc6 Bxc6 27.Rxc6 Rxc6 28.Rxc6 Rd7
29.g3 a5 30.Rc5 Rb7 31.b4 a4 32.Kf1 g5 33.h3 Kf7 34.Ke2 Kf6 35.Rc6+ Ke5 36.Rxh6 Kd4
37.Kd2 Rf7 38.f4 gxf4 39.Rh4  1-0

[Event "Saraybahce GP"]
[Site "Kocaeli TUR"]
[Date "2002.08.20"]
[Round "4"]
[White "Mchedlishvili,M"]
[Black "Erdogdu,M"]
[Result "1/2-1/2"]
[WhiteElo "2550"]
[BlackElo "2321"]

1.c4 c6 2.e4 d5 3.exd5 cxd5 4.d4 Nf6 5.Nc3 e6 6.Nf3 Be7 7.cxd5 Nxd5 8.Bc4 Nxc3
9.bxc3 O-O 10.Bd3 Nd7 11.O-O Qc7 12.Qc2 h6 13.c4 b6 14.Qe2 Bb7 15.Bb2 Bf6
16.Rad1 Qf4 17.Ne1 Rfd8 18.Nc2 Nc5 19.Bc1 Nxd3 20.Bxf4 Nxf4 21.Qg4 Nxg2 22.d5 Nh4
23.Nb4 Rac8 24.Rfe1 Rc5 25.Re4 b5 26.Nc6 Rd6 27.Na5 Ba8 28.Qf4 Nf5 29.Nb3 Rxc4
30.Rxc4 bxc4 31.Qxc4 Bxd5 32.Qc8+ Rd8 33.Qa6 Nh4 34.Rxd5 exd5 35.Nc5 d4 36.Nd3 Nf3+
37.Kg2 Ne5 38.Nxe5 Bxe5 39.Qa5 Bf6 40.Kf1 d3 41.Ke1 Rc8 42.Qa6 Bc3+ 43.Kd1 Rd8
44.f4 g6 45.Qc4 Bd4 46.h3 Bb6 47.Qb5 d2 48.Qe2 Bc7 49.Qe7 Ba5 50.Qxa7 Bc3
51.Qe3 Bf6 52.a4 g5 53.h4 gxf4 54.Qxf4 Kg7 55.a5 Rd4 56.Qg3+ Kh7 57.Qa3 Rxh4
58.Kxd2 Rh2+ 59.Kd1 Rh1+ 60.Ke2 Rh2+ 61.Kf1 Rh1+ 62.Kg2 Ra1 63.Qd3+ Kg7 64.a6 Ra2+
65.Kh3 Be5 66.Kg4 Ra4+ 67.Kf5 Ra5 68.Ke4 Bf6 69.Qg3+ Kh7 70.Qd6 Ra4+ 71.Kf5 Bd4
72.Qc6 Ra3 73.Ke4 Bg1 74.Qf6 Kg8 75.Qxh6 Rg3 76.Qc6 Rg6 77.Qc8+ Kg7 78.Kd5 Bb6
79.Qc3+ Kg8 80.Qc8+ Kg7 81.Ke4  1/2-1/2

[Event "Ciuc Premium A1"]
[Site "Miercurea Ciuc ROM"]
[Date "2002.08.20"]
[Round "2"]
[White "Schmid,Si"]
[Black "Wilhelm,S"]
[Result "1/2-1/2"]
[WhiteElo "2241"]
[BlackElo "2171"]

1.c4 c6 2.Nf3 d5 3.cxd5 cxd5 4.d4 Nf6 5.Nc3 Nc6 6.Bf4 g6 7.e3 Bg7 8.Bd3 O-O
9.h3 b6 10.a3 Bb7 11.O-O Rc8 12.Rc1 Na5 13.Ne5 Nc4 14.Qe2 Nxe5 15.Bxe5 Ne4
16.Bxg7 Nxc3 17.Rxc3 Kxg7 18.Rfc1 Rxc3 19.Rxc3 Qb8 20.Qc2 Rc8  1/2-1/2

[Event "ADCF Masters"]
[Site "Abu Dhabi UAE"]
[Date "2002.08.21"]
[Round "9"]
[White "Mulla Jumma,T"]
[Black "Al Sulaiti,G"]
[Result "0-1"]
[WhiteElo "2053"]
[BlackElo "2026"]

1.c4 c6 2.d4 d5 3.Bf4 Nf6 4.e3 Bf5 5.Nc3 e6 6.Rc1 Bd6 7.Bg3 O-O 8.Nf3 Bxg3
9.hxg3 h6 10.cxd5 exd5 11.b4 a6 12.Bd3 Bxd3 13.Qxd3 Qe7 14.a3 Nbd7 15.O-O Ne4
16.Na4 Nd6 17.Nd2 b5 18.Nb2 Nc4 19.Ndxc4 bxc4 20.Qc2 Rfb8 21.Ra1 Nf6 22.Rfb1 g6
23.Na4 Ng4 24.Nc5 Qg5 25.Nd7 Re8 26.Ne5 Nxe5 27.dxe5 Qxe5 28.Re1 Re7 29.Rad1 Kg7
30.Rb1 f5 31.Red1 h5 32.Qb2 Qxb2 33.Rxb2 Rb7 34.Rc2 a5 35.Rb1 Kf6 36.f3 Rab8
37.e4 axb4 38.axb4 Rxb4 39.Rd1 Rb1 40.Rxb1 Rxb1+ 41.Kf2 fxe4 42.fxe4 Ke5
43.exd5 cxd5 44.g4 hxg4 45.Kg3 Kd4 46.Rd2+ Kc5 47.Kxg4 d4  0-1

[Event "Saraybahce GP"]
[Site "Kocaeli TUR"]
[Date "2002.08.21"]
[Round "5"]
[White "Izoria,Z"]
[Black "Shanava,K"]
[Result "1/2-1/2"]
[WhiteElo "2565"]
[BlackElo "2401"]

1.c4 c6 2.e4 d5 3.exd5 cxd5 4.d4 Nf6 5.Nc3 e6 6.Nf3 Bb4 7.Bd3 Nc6 8.O-O dxc4
9.Bxc4 O-O 10.a3 Bxc3 11.bxc3 Bd7 12.Bd3 Qc7 13.c4 Rfd8 14.Bb2 Ne7 15.Ne5 Bc6
16.Qe2 Ng6 17.f4 Rac8 18.Rae1 a6 19.f5 Nxe5 20.dxe5 Qb6+ 21.Kh1 Ne4 22.fxe6 fxe6
23.c5 Nxc5 24.Bxh7+ Kxh7 25.Qh5+ Kg8 26.Qf7+ Kh8 27.Qh5+ Kg8 28.Qf7+ Kh8
29.Qh5+  1/2-1/2

[Event "WY ol"]
[Site "Kuala Lumpur MAS"]
[Date "2002.08.21"]
[Round "2"]
[White "Noroozi,O"]
[Black "Le Quang Liem"]
[Result "0-1"]
[WhiteElo "2080"]
[BlackElo "2148"]

1.c4 c6 2.g3 d5 3.cxd5 cxd5 4.d4 Nf6 5.Bg2 e6 6.Nc3 Be7 7.Nf3 Nc6 8.O-O O-O
9.Bf4 Qb6 10.Rb1 Bd7 11.Ne5 Rfd8 12.b4 Nxe5 13.dxe5 Ne8 14.Be3 Qc7 15.Bd4 Qc4
16.a3 b6 17.e3 Rac8 18.Re1 Qa6 19.Bf1 Qb7 20.a4 g6 21.Bd3 Ng7 22.Qe2 Rc7
23.g4 Qb8 24.Rb3 Bc8 25.f4 Bb7 26.Rf1 Rdc8 27.f5 Bf8 28.Rf3 a5 29.Na2 axb4
30.f6 Ne8 31.Bxb6 Rc4 32.Bd4 Qa8 33.Qb2 Qxa4 34.Rf1 Bc5 35.Rb1 Ba6 36.h3 Bxd4
37.exd4 R4c7 38.Nxb4 Bxd3 39.Rxd3 Rb7 40.Rb3 Rbc7 41.Ra3 Qd7 42.Qd2 Rc4 43.Ra2 Qb7
44.Rab2 Qa7 45.Nc2 Rc3 46.Ne3 Qd7 47.Rb8 R3c7 48.Qa5 Qd8 49.Rxc8 Qxc8 50.Rb5 h6
51.Qb4 Rc1+ 52.Kf2 Qd7 53.h4 Rc8 54.g5 h5 55.Rb6 Rc7 56.Qa5 Rc8 57.Qa6 Qc7
58.Rb7 Qc3 59.Qa7 Rc7 60.Rxc7 Qxc7 61.Qa4 Qb8 62.Nc2 Nc7 63.Nb4 Qb5 64.Qa3 Qc4
65.Ke3 Qxd4+ 66.Kxd4 Nb5+ 67.Kc5 Nxa3 68.Kd4 Nc4 69.Nd3 Kf8 70.Ne1 Ke8 71.Nf3 Kd7
72.Kc5 Ne3 73.Nd4 Ng4 74.Nf3 Kc7 75.Kb5 Ne3 76.Kc5 Nf5 77.Kb5 d4 78.Kc5 d3
79.Kc4 Nxh4 80.Nd2 Kc6 81.Kxd3 Kd5 82.Ne4 Kxe5 83.Ke3 Nf5+ 84.Kf3 Nd6  0-1

[Event "WY ol"]
[Site "Kuala Lumpur MAS"]
[Date "2002.08.21"]
[Round "3"]
[White "Zach Han Kun Lin"]
[Black "Megaranto,S"]
[Result "0-1"]
[WhiteElo "2054"]
[BlackElo "2364"]

1.c4 c6 2.Nf3 d5 3.d4 Nf6 4.Nc3 dxc4 5.a4 Bf5 6.e3 e6 7.Bxc4 Bb4 8.O-O Nbd7
9.Qe2 Bg6 10.Rd1 O-O 11.Bd2 a5 12.Na2 Bxd2 13.Nxd2 Qe7 14.Nf1 e5 15.Ng3 h5
16.Qe1 h4 17.Ne2 h3 18.Ng3 hxg2 19.Be2 Bc2 20.Rd2 Bxa4 21.Nc3 Bb3 22.Kxg2 Rfd8
23.Bd1 Bxd1 24.Raxd1 Nf8 25.d5 Ng6 26.dxc6 Nh4+ 27.Kh1 bxc6 28.Qe2 Rxd2 29.Rxd2 Qe6
30.Qf1 a4 31.Nb1 Nd5 32.Na3 Rb8 33.Rc2 Rb4 34.Nc4 Nf6 35.Rc1 Qd5+ 36.f3 Nxf3
37.Qe2 Nd4+ 38.Qg2 Rxc4 39.Rxc4 Qxc4 40.exd4 Qc1+  0-1

[Event "13th Summer Open"]
[Site "Recklinghausen GER"]
[Date "2002.08.22"]
[Round "6"]
[White "Wilde,P"]
[Black "Nebel,J"]
[Result "1/2-1/2"]
[WhiteElo "2275"]
[BlackElo "2173"]

1.c4 c6 2.Nf3 d5 3.d4 Nf6 4.Qc2 Bg4 5.Ne5 Bh5 6.Bf4 Nbd7 7.Nc3 e6 8.e3 Nxe5
9.Bxe5 Bd6 10.Bxd6 Qxd6 11.cxd5 exd5 12.Bd3 O-O 13.h3 Rfe8 14.O-O Re7 15.Rab1 Rae8
16.b4 Bg6 17.Bxg6 hxg6 18.Rfc1 g5 19.Qf5 Ne4 20.Nxe4 Rxe4 21.Qxg5 g6 22.b5 Kg7
23.bxc6 bxc6 24.Rb7 a5 25.Rb6 Rc8 26.Rc5 Rc7 27.Rxa5 f6 28.Qg3 Qxg3 29.fxg3 Rxe3
30.Rc5 Ra7 31.Rcxc6 Rxa2 32.Rxf6 Ree2 33.Rxg6+ Kh7 34.Rh6+ Kg7 35.Rhc6 Rxg2+
36.Kf1 Rxg3 37.Rc7+ Kh8 38.Rh6+ Kg8 39.Rd6 Ra8 40.Rxd5 Rxh3 41.Kg2 Rd3 42.Kf2 Ra2+
43.Ke1 Re3+ 44.Kd1 Rf3 45.Rd8+  1/2-1/2